000 00674nam a2200229Ia 4500
003 OSt
005 20220923220911.0
006 a|||||r|||| 00| 0
007 ta
008 220922b |||||||| |||| 00| 0 hin d
024 _a191,996
037 _cTextual
040 _aARTS
_cARTS
_bhin
041 _2hin
_ahin
082 _aS:811, 152J4(_)
100 _aअदावाल, सुबोघ
245 0 _aस्वप्नलोक का रहस्योद्घाटन
246 _aSvapnalok kā rahasyodghāṭana
260 _c1954
942 _hS:811, 152J4(_)
_cTEXL
_2CC
999 _c344642
_d344642